| 000 | 00971nam a22002897a 4500 | ||
|---|---|---|---|
| 001 | 9061 | ||
| 003 | FISKH | ||
| 005 | 20251118123242.0 | ||
| 008 | 251118b cb ||||| |||| 00| 0 eng d | ||
| 020 | _a9780761355694 | ||
| 040 |
_aFISKH _beng _cFISKH _dFISKH |
||
| 050 | _aF317.E9 B85 | ||
| 082 | _a975.9 | ||
| 100 | _aBullard, Lisa | ||
| 245 |
_aThe everglades / _cBy Lisa Bullard |
||
| 260 |
_aMinneapolis : _bLearner Publications Company , _c2010. |
||
| 300 |
_a31 pages : _bcolor illustrations ; _c26 cm . |
||
| 490 | _aLightning Bolt Books | ||
| 505 | _aN | ||
| 520 | _aDiscusses the Everglades region of Florida, covering its climate, plant and animal life, and importance to humans, and examines how the area is changing over time. | ||
| 521 | 8 |
_a590
_bLexile |
|
| 521 | 8 |
_aN
_bRaz-Plus |
|
| 650 |
_aEverglades _vJuvenile Literature |
||
| 650 |
_aEverglades National Park _vJuvenile Literature |
||
| 942 |
_2ddc _cBK _n0 |
||
| 999 |
_c9061 _d9061 |
||